| 000 | 00435nam a2200181Ia 4500 | ||
|---|---|---|---|
| 008 | 210210b1889 xxu||||| |||| 00| 0 eng d | ||
| 041 | _aeng | ||
| 082 | _a543/139 | ||
| 100 | _aMIXTER (William G) | ||
| 245 | _aElementary textbook of chemistry | ||
| 260 |
_aLondon _bMacmillan & Co. Ltd. _c1889 |
||
| 300 | _a459 | ||
| 650 | _atextbook | ||
| 650 | _aElementary | ||
| 650 | _achemistry | ||
| 690 | _aChemistry | ||
| 906 | _a009549 | ||
| 999 |
_c127093 _d127093 |
||